| 000 | 00613nam a22001937a 4500 | ||
|---|---|---|---|
| 005 | 20251022115520.0 | ||
| 010 | _aENG-146974 | ||
| 020 |
_a9789349015609 _c750.00 |
||
| 035 | _aEN-130506 | ||
| 037 | _bDBAD/PUB | ||
| 082 | _a342.07 | ||
| 245 | _aUniversal Landmark Judgments 2025 | ||
| 250 | _a1 | ||
| 260 |
_aGurgaon _bLexis Nexis _c2025 |
||
| 270 |
_a14th Floor, Building No.10, Tower-B, DLF Cyber City, Phase-II _bGurgaon _e122002 |
||
| 300 |
_a525p. _c24cm(pb) |
||
| 500 | _aIncluding Prescribed Cases for Supreme Court Advocate on Record Examination | ||
| 942 |
_2ddc _cEN _mUNI _h342.07 |
||
| 999 |
_c213660 _d213660 |
||